00697cam a22002291 4500001001300000003000400013005001700017008004100034010001700075035001900092040001800111050001600129100003000145245010300175260003600278300001900314502002900333500001000362600001400372650006400386999001700450g 01001864 DLC20260227111256.0801028s1883 gw 000 0 ger  ag 01001864  a(OCoLC)6871765 aDLCcOCldDLC00aPR1668b.J31 aJansen, Gottfried,d1856-00aBeiträge zur Synonymik und Poetik der allgemein als ächt anerkannten Dichtungen Cynewulf's ... aMünster,bE. C. Brunn,c1883. a147 p.c20 cm. aInaug.-diss.--Münster. aVita.00aCynewulf. 0aEnglish languageyOld English, ca. 450-1100xVersification. c23859d23859